[Event "GER Cup Net V3 U2000"]
[Site "Playchess.com INT"]
[Date "2020.05.27"]
[Round "5"]
[White "Fabregas, Oliver"]
[Black "Schulz, Marc Daniel"]
[Result "1-0"]
[WhiteElo "1923"]
[BlackElo "1720"]
[PlyCount "109"]
[EventDate "2020.05.27"]
[EventType "swiss (blitz)"]
[EventRounds "9"]
[EventCountry "GER"]
[SourceTitle "EXT 2021"]
[Source "ChessBase"]
[SourceDate "2020.10.23"]
[SourceVersion "1"]
[SourceVersionDate "2020.10.23"]
[SourceQuality "1"]

1. Nf3 d5 2. g3 Bf5 3. Bg2 e6 4. d3 c6 5. 0-0 Nf6 6. Nbd2 Be7 7. Qe1 Nbd7 8. e4 dxe4 9. dxe4 Bg6 10. Nh4 Qa5 11. Nxg6 hxg6 12. Nb3 Qxe1 13. Rxe1 0-0-0 14. h3 Kb8 15. a4 e5 16. Be3 Bd6 17. a5 Ne8 18. Red1 f6 19. h4 Nf8 20. c3 Ne6 21. Bh3 N8c7 22. Rd2 g5 23. Bxe6 Nxe6 24. hxg5 fxg5 25. Rad1 Be7 26. Rxd8+ Rxd8 27. Rxd8+ Bxd8 28. Kf1 b6 29. axb6 axb6 30. Ke2 Kc7 31. Kd3 Be7 32. Nd2 Nc5+ 33. Ke2 Kd6 34. f3 Nd7 35. b4 c5 36. b5 Ke6 37. Nc4 Bd8 38. Kf2 Nf8 39. Kg2 Ng6 40. Kh3 Nh8 41. Kg4 Nf7 42. Bc1 Nd6 43. Nxd6 Kxd6 44. Bxg5 Bf6 45. Bxf6 gxf6 46. Kf5 Ke7 47. f4 exf4 48. gxf4 Kf7 49. e5 fxe5 50. fxe5 Ke7 51. e6 Kf8 52. c4 Ke7 53. Ke5 Kd8 54. Kd6 Ke8 55. e7 1-0

[Event "GER-ch Net Amateur Gr-B Final"]
[Site "Playchess.com INT"]
[Date "2020.04.18"]
[Round "12"]
[White "Baum, Bernhard"]
[Black "Schulz, Marc Daniel"]
[Result "0-1"]
[WhiteElo "1707"]
[BlackElo "1776"]
[PlyCount "150"]
[EventDate "2020.04.18"]
[EventType "swiss (blitz)"]
[EventRounds "13"]
[EventCountry "GER"]
[SourceTitle "CBM 195 Extra"]
[Source "ChessBase"]
[SourceDate "2020.05.31"]
[SourceVersion "1"]
[SourceVersionDate "2020.05.31"]
[SourceQuality "1"]

1. d4 d5 2. Bf4 Bf5 3. e3 e6 4. Nf3 c6 5. Bd3 Bg6 6. Ne5 Bxd3 7. Qxd3 Nf6 8. Nd2 Be7 9. g4 h6 10. 0-0-0 Nbd7 11. f3 Qa5 12. Kb1 b5 13. Nxc6 Qb6 14. Nxe7 Kxe7 15. h4 b4 16. g5 Ne8 17. e4 dxe4 18. fxe4 Rd8 19. Nc4 Qb5 20. d5 e5 21. Bxe5 Nc5 22. d6+ Kf8 23. Qd5 a6 24. Rhf1 Rd7 25. gxh6 Rxh6 26. Bf4 Rh8 27. Be3 Na4 28. Qxb5 axb5 29. Ne5 Rxd6 30. Rxf7+ Kg8 31. Rxd6 Nxd6 32. Rd7 Nxe4 33. Rd8+ Kh7 34. Rxh8+ Kxh8 35. Nc6 b3 36. axb3 Nac5 37. Bxc5 Nxc5 38. c4 bxc4 39. bxc4 Kh7 40. b4 Nb7 41. Ne5 Kh6 42. c5 Kh5 43. c6 Nd6 44. c7 Kxh4 45. b5 Nc8 46. Nc6 g5 47. Ne5 Kg3 48. Kc2 Kf4 49. Nd3+ Ke4 50. Kc3 Kd5 51. Kb4 Kd6 52. Ka5 Kxc7 53. Nc5 g4 54. Ne6+ Kb7 55. Nf4 g3 56. Kb4 Nb6 57. Kc5 Nd7+ 58. Kb4 Nf6 59. Ng2 Ng4 60. Kc5 Ne5 61. Nf4 Nd3+ 62. Kd4 Nxf4 63. Ke3 Nh5 64. Kf3 Kb6 65. Kg2 Kxb5 66. Kh3 Kc4 67. Kg2 Kd3 68. Kg1 Ke2 69. Kg2 Ke3 70. Kg1 Kf3 71. Kh1 Nf4 72. Kg1 Ne2+ 73. Kh1 g2+ 74. Kh2 g1Q+ 75. Kh3 Qh1# 0-1

[Event "GER-ch Net Amateur Gr-B Vor3"]
[Site "Playchess.com INT"]
[Date "2020.04.16"]
[Round "5"]
[White "Lang, Nico"]
[Black "Schulz, Marc Daniel"]
[Result "0-1"]
[WhiteElo "1546"]
[BlackElo "1620"]
[PlyCount "88"]
[EventDate "2020.04.16"]
[EventType "swiss (blitz)"]
[EventRounds "9"]
[EventCountry "GER"]
[SourceTitle "CBM 195 Extra"]
[Source "ChessBase"]
[SourceDate "2020.05.31"]
[SourceVersion "1"]
[SourceVersionDate "2020.05.31"]
[SourceQuality "1"]

1. e4 e5 2. Nf3 Nc6 3. Bc4 Bc5 4. 0-0 d6 5. d3 h6 6. Nc3 Nge7 7. h3 0-0 8. Be3 Bb6 9. Ne2 Kh7 10. Ng3 f5 11. Bxb6 axb6 12. exf5 Nxf5 13. Nxf5 Bxf5 14. Re1 Qf6 15. Bd5 Rab8 16. Be4 Ne7 17. Nd2 d5 18. Bxf5+ Nxf5 19. Qe2 Rbe8 20. Nf3 e4 21. dxe4 Rxe4 22. Qd2 c6 23. Rxe4 dxe4 24. Nh2 Qxb2 25. Re1 Re8 26. Qd7 Qe5 27. Qxb7 e3 28. f3 Qc5 29. Re2 Re7 30. Qa6 Ng3 31. Re1 Qc3 32. Rb1 b5 33. Qa7 Rxa7 34. Ng4 Qxc2 35. Ra1 Rxa2 36. Rxa2 Qxa2 37. Nxe3 Qb1+ 38. Kf2 Nh5 39. g4 Nf6 40. Kg3 Qg1+ 41. Ng2 Nd5 42. h4 b4 43. Kh3 b3 44. Nf4 Nxf4# 0-1

[Event "GER-ch Net Amateur Gr-B Vor3"]
[Site "Playchess.com INT"]
[Date "2020.04.16"]
[Round "2"]
[White "Schmitt, Carsten1111"]
[Black "Schulz, Marc Daniel"]
[Result "0-1"]
[WhiteElo "1717"]
[BlackElo "1620"]
[PlyCount "170"]
[EventDate "2020.04.16"]
[EventType "swiss (blitz)"]
[EventRounds "9"]
[EventCountry "GER"]
[SourceTitle "CBM 195 Extra"]
[Source "ChessBase"]
[SourceDate "2020.05.31"]
[SourceVersion "1"]
[SourceVersionDate "2020.05.31"]
[SourceQuality "1"]

1. c4 e5 2. g3 Bc5 3. Bg2 d6 4. Nc3 Ne7 5. e3 Nbc6 6. Nge2 0-0 7. 0-0 a6 8. d4 exd4 9. exd4 Ba7 10. Be3 h6 11. Qd2 Nf5 12. Rae1 Nxe3 13. fxe3 Qg5 14. Nf4 Bd7 15. Ncd5 Rac8 16. b4 Rfe8 17. a4 Nd8 18. b5 axb5 19. axb5 c6 20. b6 Bb8 21. Nc3 Ne6 22. Nxe6 Bxe6 23. d5 Bd7 24. Qf2 Re7 25. Qf4 Qxf4 26. exf4 Rxe1 27. Rxe1 Kf8 28. Kf2 Bf5 29. h3 Bd3 30. Bf1 Bxf1 31. Kxf1 cxd5 32. Nxd5 Rxc4 33. Rd1 Rc6 34. Rd3 Rc5 35. Kf2 f6 36. Kf3 Kf7 37. Kg4 Ke6 38. f5+ Ke5 39. Ne7 d5 40. Kf3 d4 41. g4 Rc3 42. Ke2 Rxd3 43. Kxd3 Bd6 44. Nc8 Bc5 45. Kc4 Bf8 46. Kd3 Kd5 47. Na7 Bc5 48. Nc8 Kc6 49. Kc4 Bxb6 50. Nxb6 Kxb6 51. Kxd4 Kc6 52. Kc4 b5+ 53. Kb4 Kb6 54. h4 Kc6 55. Kc3 Kc5 56. Kb3 b4 57. Kc2 Kc4 58. Kb2 b3 59. Kb1 Kc3 60. Kc1 Kd3 61. Kb2 Kc4 62. Kb1 Kd4 63. Kb2 Ke4 64. Kxb3 Kf4 65. g5 hxg5 66. hxg5 Kxg5 67. Kc3 Kxf5 68. Kd2 Kf4 69. Ke2 Kg3 70. Kf1 f5 71. Kg1 f4 72. Kf1 f3 73. Kg1 f2+ 74. Kf1 g6 75. Ke2 Kg2 76. Ke3 f1Q 77. Ke4 Qf3+ 78. Kd4 Kg3 79. Kc5 Qe4 80. Kb6 Qd5 81. Ka7 Qb5 82. Ka8 Kf4 83. Ka7 Ke5 84. Ka8 Kd6 85. Ka7 Kc7 0-1